PRINCIPLES OF SUCCESSFUL LIFE MANAGEMENT /
If you can´t choose a book because you´re tempted to a certain extent by everything, but nothing specific, then you´ve probably come to the right place. The author of this book is looking for the fabled philosopher´s stone and perhaps even the Holy Grail of life management. He searches for inspirati...
Uloženo v:
| Hlavní autor: | |
|---|---|
| Médium: | E-kniha |
| Jazyk: | Czech |
| Vydáno: |
Praha :
Ecotech Systems s.r.o.,
2024
|
| Tagy: |
Žádné tagy |
| LEADER | 01787nam a22002297i 4500 | ||
|---|---|---|---|
| 001 | 312524 | ||
| 007 | ta | ||
| 008 | 260601s2024 xr ||||| |||| 00| 0 cze d | ||
| 020 | |a 9788069086005 | ||
| 044 | |a xr | ||
| 100 | 1 | |a Ďuroška, Tomáš |4 aut | |
| 245 | 1 | 0 | |a PRINCIPLES OF SUCCESSFUL LIFE MANAGEMENT / |c Ďuroška, Tomáš |
| 240 | 1 | 0 | |a Princípy úspešného životného manažmentu |
| 264 | 1 | |a Praha : |b Ecotech Systems s.r.o., |c 2024 | |
| 300 | |a 1 online zdroj (258 stran) | ||
| 336 | |a text |b txt |2 rdacontent | ||
| 337 | |a bez média |b n |2 rdamedia | ||
| 338 | |a online zdroj |b cr |2 rdacarrier | ||
| 520 | 2 | |a If you can´t choose a book because you´re tempted to a certain extent by everything, but nothing specific, then you´ve probably come to the right place. The author of this book is looking for the fabled philosopher´s stone and perhaps even the Holy Grail of life management. He searches for inspiration in many areas and looks for connections where you wouldn´t expect to find any. The author states in his book: "We live in a decadent period of the modern Middle Ages. Blinded by millions of bright screens and phone displays, we live in a time of darkness. We have stopped noticing what is essential. We are hurtling at terrifying speed somewhere, with no idea of the destination. We need to escape this trap and experience a new Renaissance." | |
| 910 | |a RBIT002 | ||
| 998 | |d 414557 |a https://core.palmknihy.cz/api/books/414557/cover?skmnxq |b https://core.palmknihy.cz/api/books/414557/cover/400?skmnxq |c https://core.palmknihy.cz/api/books/414557/cover/50?skmnxq |e |g 258 |i 9788069086005 |j https://core.palmknihy.cz/api/books/414557/preview.epub |k https://core.palmknihy.cz/api/books/414557/preview.pdf |l |q 49 |r 1 |s https://www.palmknihy.cz/kniha/414557 |t ebook |y 2024 |z 1 | ||
| 999 | |d 312522 | ||